000 00319nam a2200133Ia 4500
005 20251222143227.0
008 251222s9999||||xx |||||||||||||| ||spa||
020 _a0-673-19412-4
082 _a425.02/M68
100 _aMohootian, Shahrzad
245 0 _aHooray for English!:
264 _bScott Foresman
942 _cLIB
999 _c14028
_d14028